[Event "Cali Valle Colombia op-B"]
[Site "Cali Valle Colombia"]
[Date "2022.12.27"]
[Round "3"]
[White "Ceron, Edgar Ivan"]
[Black "Dziedzic, Robert"]
[Result "1/2-1/2"]
[WhiteElo "2045"]
[BlackElo "1601"]
[PlyCount "105"]
[EventDate "2022.12.26"]
[EventType "swiss"]
[EventRounds "8"]
[EventCountry "COL"]
[SourceTitle "CBM 211 Extra"]
[Source "ChessBase"]
[SourceDate "2023.01.31"]
[SourceVersion "1"]
[SourceVersionDate "2023.01.31"]
[SourceQuality "1"]

1. e4 d5 2. d4 dxe4 3. f3 Nf6 4. Nc3 exf3 5. Nxf3 Bg4 6. Bc4 e6 7. 0-0 c6 8. Qd3 Nbd7 9. Ng5 Qe7 10. Bf4 Nb6 11. Rae1 Bf5 12. Qe2 Nxc4 13. Qxc4 h6 14. Nf3 Qb4 15. Qe2 Be7 16. Nd1 0-0 17. Ne3 Nd5 18. Nxd5 cxd5 19. c3 Qb6 20. Qd2 Be4 21. Ne5 Rad8 22. Bxh6 f6 23. Ng4 Rf7 24. Be3 Bf5 25. Nf2 Qa6 26. a3 Bd6 27. Bf4 Bxf4 28. Qxf4 Qd6 29. Qe3 Re7 30. Nh1 Kf7 31. Ng3 Bg6 32. Rf2 a5 33. Nf1 b5 34. h3 Rb8 35. Nh2 Be4 36. Ref1 b4 37. axb4 axb4 38. c4 e5 39. Ng4 exd4 40. Qxd4 Re6 41. c5 Qg3 42. c6 Qd6 43. Rc1 Rc8 44. b3 Kg8 45. Ne3 Rxc6 46. Rxc6 Qxc6 47. Qxb4 Qc1+ 48. Nf1 Rc6 49. Qe7 Rc8 50. b4 Kh7 51. b5 Rc2 52. Qe8 Rxf2 53. Qh5+ 1/2-1/2

[Event "Cali Valle Colombia op-B"]
[Site "Cali Valle Colombia"]
[Date "2022.12.26"]
[Round "1"]
[White "Mena Cordoba, Yamil Octavio"]
[Black "Dziedzic, Robert"]
[Result "0-1"]
[WhiteElo "1866"]
[BlackElo "1601"]
[PlyCount "82"]
[EventDate "2022.12.26"]
[EventType "swiss"]
[EventRounds "8"]
[EventCountry "COL"]
[SourceTitle "CBM 211 Extra"]
[Source "ChessBase"]
[SourceDate "2023.01.31"]
[SourceVersion "1"]
[SourceVersionDate "2023.01.31"]
[SourceQuality "1"]

1. e4 d5 2. exd5 Nf6 3. Nc3 Nxd5 4. Nxd5 Qxd5 5. Qf3 Qe5+ 6. Qe3 Qxe3+ 7. fxe3 e5 8. Nf3 Bd6 9. Bc4 f6 10. 0-0 Bg4 11. d4 Bxf3 12. Rxf3 Nd7 13. Bd2 0-0-0 14. a4 exd4 15. exd4 Rhe8 16. a5 a6 17. b4 c6 18. Bd3 g6 19. c4 f5 20. Rc1 Kb8 21. b5 c5 22. bxa6 bxa6 23. Bc3 cxd4 24. Bxd4 Bc5 25. Rb1+ Kc7 26. Bxc5 Nxc5 27. Bf1 Rd2 28. Rf2 Red8 29. Rb2 Rxb2 30. Rxb2 Rd1 31. Ra2 Ne4 32. Re2 Nd2 33. Rf2 Kc6 34. g4 Rxf1+ 35. Rxf1 Nxf1 36. Kxf1 fxg4 37. Ke2 h5 38. Ke3 g5 39. Kd4 h4 40. Ke3 Kc5 41. Kd3 g3 0-1